000 00325nam a2200145Ia 4500
008 200103s9999||||xx |||||||||||||| ||und||
020 _a9780552136785
040 _aIMU-MPC
082 _aColumn-64
100 _aHailey, Arthur
245 4 _aThe evening news
260 _bCorgi Books
_c1990
300 _a647
942 _cBK
999 _c11406
_d11406